Transitoriedades Pensionales : (Registro nro. 6040)

Detalles MARC
000 -LEADER
fixed length control field 01014nam a2200241Ia 4500
003 - CONTROL NUMBER IDENTIFIER
control field OSt
005 - DATE AND TIME OF LATEST TRANSACTION
control field 20200820145923.0
008 - FIXED-LENGTH DATA ELEMENTS--GENERAL INFORMATION
fixed length control field 191128s2010 ck gr 000 0 spa d
020 ## - INTERNATIONAL STANDARD BOOK NUMBER
International Standard Book Number 9789589974612
040 ## - CATALOGING SOURCE
Original cataloging agency Co-JMCR
Transcribing agency Co-JMCR
041 0# - LANGUAGE CODE
Language code of text/sound track or separate title spa
082 04 - DEWEY DECIMAL CLASSIFICATION NUMBER
Classification number 368.4 /
Item number R277t
Edition number 23
100 1# - MAIN ENTRY--PERSONAL NAME
Personal name Restrepo Otálvaro, Silvio,
Relator term autor
9 (RLIN) 9035
245 10 - TITLE STATEMENT
Title Transitoriedades Pensionales :
Remainder of title estatuto de transitoriedad /
Statement of responsibility, etc. Silvio Restrepo Otálvaro
250 ## - EDITION STATEMENT
Edition statement Primera edición
260 ## - PUBLICATION, DISTRIBUTION, ETC.
Place of publication, distribution, etc. Pereira :
Name of publisher, distributor, etc. Universidad Libre de Colombia,
Date of publication, distribution, etc. 2010.
300 ## - PHYSICAL DESCRIPTION
Extent 182 páginas ;
Dimensions 24 cm.
500 ## - GENERAL NOTE
General note Incluye datos biográficos del autor en solapa frontal, bibliografía : páginas 180-181.
505 0# - FORMATTED CONTENTS NOTE
Formatted contents note Régimen de transición -- Desarrollo constitucional, legal, reglamento y jurisprudencia del régimen de transición -- Traslado entre regímenes -- Regímenes anteriores -- El ingreso base de liquidación
650 24 - SUBJECT ADDED ENTRY--TOPICAL TERM
Topical term or geographic name entry element Régimen constitucional
9 (RLIN) 9036
650 24 - SUBJECT ADDED ENTRY--TOPICAL TERM
Topical term or geographic name entry element Régimen jurídico
9 (RLIN) 9037
942 ## - ADDED ENTRY ELEMENTS (KOHA)
Source of classification or shelving scheme Dewey Decimal Classification
Koha item type Books
Existencias
Withdrawn status Lost status Source of classification or shelving scheme Materials specified (bound volume or other part) Damaged status Not for loan Home library Current library Shelving location Date acquired Source of acquisition Full call number Barcode Date last seen Copy number Price effective from Koha item type Total Checkouts
    Dewey Decimal Classification Donación--15/04/2018--     Biblioteca Pública José María del Castillo y Rada Biblioteca Pública José María del Castillo y Rada General Stacks 11/28/2019 Donación 368.4 / R277t 430011548 05/16/2024 Ej.1 11/28/2019 Books  
    Dewey Decimal Classification Donación--15/04/2018--     Biblioteca Pública José María del Castillo y Rada Biblioteca Pública José María del Castillo y Rada General Stacks 11/28/2019 Donación 368.4 / R277t 430011549 05/16/2024 Ej.2 11/28/2019 Books